Java Script Annotated Archives ( DEPARTMENTAL ) (Record no. 7235)

MARC details
000 -LEADER
fixed length control field 00439nam a2200169Ia 4500
008 - FIXED-LENGTH DATA ELEMENTS--GENERAL INFORMATION
fixed length control field 221030s9999 xx 000 0 und d
020 ## - INTERNATIONAL STANDARD BOOK NUMBER
ISBN 007463612X
041 ## - LANGUAGE CODE
Language code of text/sound track or separate title
082 ## - DEWEY DECIMAL CLASSIFICATION NUMBER
Classification number 105.23
Item number Fre
100 ## - MAIN ENTRY--AUTHOR NAME
Personal name J. Frentzen
245 #0 - TITLE STATEMENT
Title Java Script Annotated Archives ( DEPARTMENTAL )
Statement of responsibility, etc by J. Frentzen, H. Sobotk
260 ## - PUBLICATION, DISTRIBUTION, ETC. (IMPRINT)
Name of publisher TMH
Place of publication New Delhi
Year of publication 1999
300 ## - PHYSICAL DESCRIPTION
Number of Pages 602
650 ## - SUBJECT ADDED ENTRY--TOPICAL TERM
Topical Term CSE Departmental
700 ## - ADDED ENTRY--PERSONAL NAME
Personal name H. Sobotk
942 ## - ADDED ENTRY ELEMENTS (KOHA)
Koha item type Books
Holdings
Accession Number Cost, normal purchase price Full call number Price effective from Koha item type Withdrawn / writtenoff status Materials specified (bound volume or other part) Damaged status Not for loan Permanent Location Current Location Shelving location Date acquired Lost/ Missing status department
BE 3501 475.00 105.23 Fre 10/30/2022 Books   Print   Not For Loan MIET Library, Jammu MIET Library, Jammu BL-Departmental, FL-1, CUP-56, SH-6, R-6 03/30/2001   BE